00267nam a2200109Ia 4500008004100000041000800041082001700049100001000066245002900076260003300105300001900138241028s9999 xx 000 0 und d aeng a332.6327 TYS aTyson aMutual Funds For Dummies bWiley IndiaaNew Delhic2022 a410;. P. 23 cm